000
00265nam a22001217a 4500
008
181010b xxu||||| |||| 00| 0 eng d
041
_a
eng
080
_2
2nd
_a
311
100
_a
55
101
_a
STA
245
_a
Elementary Statistics
_c
Hoel,P.G
942
_2
udc
_c
BK
999
_c
49263
_d
49263